00875nam a2200229Ia 4500003000900000008004100009020001800050040001600068080001700084100003000101245015000131260003900281300001700320490006400337650004100401650002700442650002300469650002800492942000700520999001500527952010300542IN-BaIIA211028s9999 xx 000 0 eng d a0-8240-9283-X cIIA Library a52(091)bDEV aDeVorkin, David H.913118 4aThe history of modern astronomy and astrophysicsba selected annotated bibliographycDavid H. DeVorkin  aNew YorkbGarland Publishingc1982 axxvii, 434p. aBibliography of the history of Science and Technology; v. 1 aAstronomy and astrophysics thesaurus aAstronomy-History9900 aBibliography92940 aHistory-Astronomy91125 cBK c7766d7766 00104070aBANbBANcGENd1983-08-30l0o52(091)/ DEVp8583r2021-11-05w1983-08-30yBKG£ 64.20